000 00569nam a2200217Ia 4500
005 20250508161011.0
008 008 250505s9999 xx 000 0 eng d
037 _aTextBook
040 _aFEDL
_beng
_cFEDL
041 _aeng
_2eng
084 _a001.42, BES
_qFEDL
100 _aBest J W
_9769979
245 0 _aResearch in education
250 _a3
260 _aNew Delhi, India
_bPrentice-Hall of India
_c1977
300 _a403p.
365 _aINR
_b20
650 _aResearch- Education
942 _cTB
_h001.42, BES
999 _c1367851
_d1367851